[Event "Team Russia"]
[Site "Petergof"]
[Date "2015.08.04"]
[Round "4.6"]
[White "Pershin, Denis"]
[Black "Afanasiev, Nikita"]
[Result "1/2-1/2"]
[WhiteElo "2278"]
[BlackElo "2281"]
[PlyCount "93"]
[EventDate "2015.08.??"]
[EventType "team-swiss"]
[WhiteClock "0:01:04"]
[BlackClock "0:05:51"]

1. e4 c6 2. d4 d5 3. Nc3 g6 4. Nf3 Bg7 5. h3 Nh6 6. Bd3 f6 7. Qe2 Nf7 8. e5
fxe5 9. dxe5 Be6 10. Nd4 Bc8 11. Nf3 Qc7 12. Bf4 Nd7 13. O-O-O Nc5 14. g4 Ne6
15. Bg3 Bh6+ 16. Kb1 Bd7 17. h4 Bf4 18. Bxf4 Nxf4 19. Qe3 Ne6 20. h5 Rg8 21.
hxg6 hxg6 22. Rh7 Qb6 23. Qd2 Qb4 24. Rg1 Qf4 25. Qxf4 Nxf4 26. Ne2 Ne6 27. c3
Neg5 28. Nxg5 Nxg5 29. Rh6 Nf3 30. Bxg6+ Kd8 31. Rg3 Nxe5 32. Bf5 Nf7 33. Rh5
e6 34. Bd3 Rg7 35. g5 Ke7 36. g6 Nh8 37. Rh7 Rxh7 38. gxh7 e5 39. Rg7+ Kd6 40.
Rg8 Re8 41. Bg6 Nxg6 42. Rxg6+ Be6 43. f4 Ke7 44. Rg7+ Bf7 45. fxe5 Rh8 46. Nd4
Kf8 47. Rg5 1/2-1/2

[Event "Team Russia"]
[Site "Petergof"]
[Date "2015.08.04"]
[Round "4.7"]
[White "Maksimov, Dmitri"]
[Black "Saveliev, Alexei"]
[Result "1-0"]
[WhiteElo "2307"]
[BlackElo "2310"]
[PlyCount "135"]
[EventDate "2015.08.??"]
[EventType "team-swiss"]
[WhiteClock "0:09:02"]
[BlackClock "0:03:33"]

1. e4 c5 2. Nc3 Nc6 3. f4 g6 4. Nf3 Bg7 5. Bc4 e6 6. f5 gxf5 7. exf5 d5 8. Bb5
Nge7 9. fxe6 Bxe6 10. O-O h6 11. d3 Qc7 12. Ne2 Ng6 13. c3 a6 14. Ba4 b5 15.
Bc2 d4 16. cxd4 cxd4 17. Bb3 O-O 18. Bxe6 fxe6 19. Ng3 Kh7 20. Qe2 Nce5 21. Bd2
Nxf3+ 22. Rxf3 Rxf3 23. Qxf3 Rf8 24. Qe2 Qe5 25. Qg4 Qd5 26. Ne4 Qf5 27. Qxf5
Rxf5 28. Rf1 Ne5 29. Rxf5 exf5 30. Nc5 Bf8 31. Bf4 Nf3+ 32. Kf2 Ne1 33. Kxe1
Bxc5 34. Be5 Kg6 35. Ke2 h5 36. Kf3 Bb6 37. Kf4 a5 38. h3 a4 39. b3 axb3 40.
axb3 Bc5 41. Bc7 Bb4 42. Ke5 Bc3 43. Bb6 Kg5 44. Bxd4 b4 45. Kd5 Kf4 46. Bf2
Bd2 47. Kc5 Bc3 48. d4 Ke4 49. d5 Bf6 50. d6 Kd3 51. Kxb4 Ke2 52. Bb6 Kf1 53.
g4 fxg4 54. hxg4 h4 55. d7 h3 56. Bc7 Ke2 57. Kc4 Kf3 58. b4 Bd8 59. Bxd8 h2
60. Be7 h1=Q 61. d8=Q Qc1+ 62. Kb5 Kxg4 63. Qd7+ Kg3 64. Bd6+ Kh4 65. Qh7+ Kg5
66. Qg7+ Kf5 67. Qf7+ Kg4 68. Qf4+ 1-0

[Event "Team Russia"]
[Site "Petergof"]
[Date "2015.08.04"]
[Round "4.8"]
[White "Kiseleva, Arina"]
[Black "Zakariadze, Irina"]
[Result "0-1"]
[WhiteElo "2038"]
[BlackElo "1822"]
[PlyCount "38"]
[EventDate "2015.08.??"]
[EventType "team-swiss"]
[WhiteClock "0:40:25"]
[BlackClock "0:21:28"]

1. d4 d5 2. c4 Bf5 3. Nc3 e6 4. cxd5 exd5 5. Bf4 c6 6. f3 Nf6 7. g4 Be6 8. e3
Bd6 9. Nge2 Bxf4 10. Nxf4 Qe7 11. Qc2 g5 12. Nxe6 Qxe6 13. Qf2 h5 14. gxh5 Rxh5
15. O-O-O Nbd7 16. e4 O-O-O 17. e5 Ne8 18. h4 gxh4 19. Rxh4 Qh6+ 0-1

[Event "Team Russia"]
[Site "Petergof"]
[Date "2015.08.04"]
[Round "4.9"]
[White "Zenzera, Alexey"]
[Black "Ermolaev, Evgeny"]
[Result "1-0"]
[WhiteElo "2446"]
[BlackElo "2296"]
[PlyCount "137"]
[EventDate "2015.08.??"]
[EventType "team-swiss"]
[WhiteClock "0:02:27"]
[BlackClock "0:02:22"]

1. d4 Nf6 2. c4 c5 3. Nf3 cxd4 4. Nxd4 g6 5. Nc3 Bg7 6. e4 d6 7. Be2 O-O 8. O-O
Nc6 9. Be3 Bd7 10. Nc2 Rc8 11. Rc1 Ne5 12. Na3 Bc6 13. f3 b6 14. Qd2 Bb7 15.
Rfd1 Ne8 16. b3 f5 17. exf5 gxf5 18. Nab5 Ra8 19. Nd5 Qd7 20. a4 Nc6 21. Nf4
Kh8 22. Nc3 Nf6 23. Ncd5 e5 24. Nxf6 Bxf6 25. Nd5 f4 26. Bf2 Qg7 27. Bf1 Rad8
28. b4 Ne7 29. Qd3 Bg5 30. Nxe7 Qxe7 31. Kh1 Bh4 32. Bxh4 Qxh4 33. Qc3 Qh5 34.
Re1 Rfe8 35. Rcd1 Bc6 36. c5 bxc5 37. bxc5 d5 38. Bb5 d4 39. Qb3 Qg6 40. Rd2 e4
41. Bxc6 Qxc6 42. fxe4 Rxe4 43. Rxe4 Qxe4 44. Rd1 Kg7 45. h3 d3 46. Qc3+ Qd4
47. Rxd3 Qxc3 48. Rxc3 Rc8 49. Rc4 Kg6 50. Kg1 Kf5 51. Kf2 Ke5 52. Kf3 Rc6 53.
Rxf4 Rxc5 54. Rf7 h5 55. Rxa7 Rc3+ 56. Kf2 h4 57. Rg7 Rc2+ 58. Kg1 Rc8 59. Rg5+
Kd6 60. Rg4 Rh8 61. Kf2 Kd5 62. Ke3 Re8+ 63. Kf4 Rf8+ 64. Kg5 Rh8 65. Kf6 Kc5
66. Kg7 Rh5 67. Kg6 Rh8 68. Rg5+ Kb6 69. Kg7 1-0

[Event "Team Russia"]
[Site "Petergof"]
[Date "2015.08.04"]
[Round "4.10"]
[White "Shilyaev, Fedor"]
[Black "Askerov, Marat"]
[Result "0-1"]
[WhiteElo "2148"]
[BlackElo "2194"]
[PlyCount "126"]
[EventDate "2015.08.??"]
[EventType "team-swiss"]
[WhiteClock "0:01:02"]
[BlackClock "0:01:49"]

1. e4 e6 2. d4 d5 3. Nc3 Nf6 4. e5 Nfd7 5. Nf3 c5 6. dxc5 Nc6 7. Bf4 Nxc5 8. a3
Be7 9. h4 a6 10. h5 f5 11. Bd3 O-O 12. Ne2 Ne4 13. b4 Qb6 14. O-O a5 15. c3
axb4 16. axb4 Bd7 17. Rxa8 Rxa8 18. Bxe4 fxe4 19. Nfd4 Nxd4 20. Nxd4 Rc8 21.
Qg4 Bf8 22. Bd2 Kh8 23. Ra1 Qc7 24. Qf4 Kg8 25. Qg5 h6 26. Qg3 Kh8 27. Ne2 Be8
28. Nf4 Bf7 29. Be3 Qd8 30. Bd4 Ra8 31. Rxa8 Qxa8 32. Ng6+ Kg8 33. Nxf8 Qxf8
34. Qf4 Qe8 35. g4 Qa4 36. Qd2 Be8 37. Kg2 Qa1 38. f4 exf3+ 39. Kxf3 Bb5 40.
Kg3 Qb1 41. Qe3 Bd3 42. Qf2 Be4 43. Qg1 Qd3+ 44. Qe3 Qd1 45. Qg1 Qf3+ 46. Kh4
Qf4 47. Qe3 Qh2+ 48. Qh3 Qd2 49. Qe3 Qd1 50. Qg1 Qc2 51. Qf2 Qc1 52. Qe3 Qf1
53. Qg1 Qf3 54. Qg3 Qh1+ 55. Qh3 Qd1 56. Qg3 Bf3 57. Qg1 Qe2 58. Kh3 Qe4 59.
Qg3 Kh7 60. Bg1 Qd3 61. Bd4 Qf1+ 62. Kh4 Bg2 63. Qh2 Qe1+ 0-1

[Event "Team Russia"]
[Site "Petergof"]
[Date "2015.08.04"]
[Round "4.11"]
[White "Chernyak, Viktoria"]
[Black "Russkikh, Nikita"]
[Result "0-1"]
[WhiteElo "2276"]
[BlackElo "2060"]
[PlyCount "124"]
[EventDate "2015.08.??"]
[EventType "team-swiss"]
[WhiteClock "0:01:03"]
[BlackClock "0:37:08"]

1. e4 c5 2. Nf3 e6 3. d3 Nc6 4. g3 d6 5. Bg2 g6 6. c3 Bg7 7. O-O Nge7 8. Be3 e5
9. Qd2 O-O 10. Na3 b6 11. Rad1 Be6 12. b3 d5 13. Bh6 f6 14. Bxg7 Kxg7 15. Nc2
d4 16. c4 a6 17. b4 Qd6 18. bxc5 Qxc5 19. Rc1 Rfb8 20. Rfd1 b5 21. cxb5 Qxb5
22. Na3 Qb4 23. Nc4 Qxd2 24. Rxd2 Ra7 25. Ne1 Rab7 26. f4 Rb1 27. Rdd1 Rxc1 28.
Rxc1 Rb4 29. Nf3 Bxc4 30. Rxc4 Rb1+ 31. Bf1 h6 32. h4 Kf7 33. Ra4 a5 34. Nd2
Rb4 35. Rxb4 axb4 36. Nc4 exf4 37. gxf4 g5 38. fxg5 hxg5 39. hxg5 fxg5 40. Kf2
Ng6 41. Kg3 Nge5 42. Nd6+ Kf6 43. Nb5 Nd7 44. Be2 Nc5 45. Kf2 Na4 46. Bd1 Nc3
47. Nxc3 dxc3 48. Ke3 Ke5 49. Bg4 Nd4 50. Bc8 Nf3 51. d4+ Nxd4 52. Bb7 c2 53.
Kd2 g4 54. Bc8 g3 55. Bh3 Kxe4 56. Bg2+ Kf4 57. Bh1 Kg4 58. Bg2 Nf3+ 59. Kc1
Ne1 60. Be4 Nf3 61. Kxc2 g2 62. Bxf3+ Kxf3 0-1

[Event "Team Russia"]
[Site "Petergof"]
[Date "2015.08.04"]
[Round "4.12"]
[White "Khusnutdinova, Alsu"]
[Black "Styazhkina, Anna"]
[Result "0-1"]
[WhiteElo "2133"]
[BlackElo "2262"]
[PlyCount "66"]
[EventDate "2015.08.??"]
[EventType "team-swiss"]
[WhiteClock "0:04:04"]
[BlackClock "0:29:05"]

1. e4 e5 2. Nf3 Nc6 3. Bb5 a6 4. Ba4 Nf6 5. O-O Bc5 6. Bxc6 dxc6 7. Nxe5 Nxe4
8. Qe2 Qd5 9. Nd3 O-O 10. Nxc5 Nxc5 11. Nc3 Qd6 12. d3 Bf5 13. Qf3 Bg6 14. Bf4
Qd7 15. Rfe1 Rfe8 16. Ne4 Ne6 17. Be3 b6 18. a4 c5 19. a5 Qb5 20. axb6 Bxe4 21.
dxe4 cxb6 22. b3 a5 23. Ra4 Rad8 24. e5 Nd4 25. Bxd4 cxd4 26. Qf5 d3 27. cxd3
Qxb3 28. Rf4 Rxd3 29. h3 Rd1 30. Rxd1 Qxd1+ 31. Kh2 Qd5 32. Re4 b5 33. f4 g6
0-1

[Event "Team Russia"]
[Site "Petergof"]
[Date "2015.08.04"]
[Round "4.13"]
[White "Kruzhilin, Aleksey"]
[Black "Tarasov, Alexandr"]
[Result "0-1"]
[WhiteElo "2141"]
[BlackElo "2305"]
[PlyCount "74"]
[EventDate "2015.08.??"]
[EventType "team-swiss"]

1. d4 e6 2. g3 c5 3. Nf3 Nf6 4. c4 cxd4 5. Nxd4 d5 6. Bg2 e5 7. Nf3 d4 8. O-O
Nc6 9. Qa4 Nd7 10. a3 Nc5 11. Qd1 a5 12. Nbd2 Be7 13. Ne1 Bg4 14. h3 Bh5 15.
Ne4 Nxe4 16. Bxe4 Qd7 17. Kg2 Bg6 18. Bd5 Bf5 19. g4 Be6 20. e4 dxe3 21. Bxe3
Rd8 22. Nf3 h5 23. Qa4 hxg4 24. hxg4 Bxg4 25. Bxc6 Bh3+ 26. Kg1 bxc6 27. Nxe5
Qf5 28. Qxc6+ Kf8 29. f4 Bxf1 30. Rxf1 Qh3 31. Kf2 Bh4+ 32. Ke2 Qh2+ 33. Bf2
Bxf2 34. Rxf2 Qg1 35. Qc7 Qd1+ 36. Ke3 Rh3+ 37. Ke4 Qb1+ 0-1

[Event "Team Russia"]
[Site "Petergof"]
[Date "2015.08.04"]
[Round "4.14"]
[White "Payanidi, Janis"]
[Black "Karpenko, Artem"]
[Result "1/2-1/2"]
[WhiteElo "2238"]
[BlackElo "2276"]
[PlyCount "108"]
[EventDate "2015.08.??"]
[EventType "team-swiss"]

1. e4 e5 2. Nf3 Nc6 3. Bb5 a6 4. Ba4 Nf6 5. Qe2 b5 6. Bb3 Be7 7. c3 d6 8. O-O
O-O 9. h3 Na5 10. Bc2 c5 11. d4 Qc7 12. b3 Bd7 13. d5 c4 14. b4 Nb7 15. g4 Ne8
16. Rd1 a5 17. a3 Nd8 18. Nbd2 f6 19. Nf1 Nf7 20. Ne3 g6 21. Kh2 Ng7 22. Bb2
Kh8 23. Nd2 axb4 24. axb4 Rxa1 25. Rxa1 Qc8 26. Ndf1 f5 27. gxf5 gxf5 28. Nxf5
Nxf5 29. exf5 Bxf5 30. Bxf5 Qxf5 31. Ng3 Qf6 32. Bc1 Qg6 33. Qe4 Ng5 34. Bxg5
Qxg5 35. Qe2 Qf4 36. Ra2 Bh4 37. Kg2 Rg8 38. Qf3 h6 39. Re2 Rf8 40. Qe3 Bxg3
41. fxg3 Qxe3 42. Rxe3 Ra8 43. Kf3 Kg7 44. Ke4 Ra1 45. Kf5 Kf7 46. Ke4 Kg6 47.
Re2 Kg5 48. Rc2 h5 49. g4 hxg4 50. hxg4 Re1+ 51. Kf3 Ra1 52. Ke4 Re1+ 53. Kf3
Ra1 54. Ke4 Re1+ 1/2-1/2

[Event "Team Russia"]
[Site "Petergof"]
[Date "2015.08.04"]
[Round "4.15"]
[White "Guliev, Gasan"]
[Black "Kovalev, Egor"]
[Result "1/2-1/2"]
[WhiteElo "2053"]
[BlackElo "2186"]
[PlyCount "105"]
[EventDate "2015.08.??"]
[EventType "team-swiss"]

1. d4 Nf6 2. c4 g6 3. Nc3 d5 4. Bg5 Ne4 5. Bh4 Nxc3 6. bxc3 Bg7 7. e3 c5 8.
cxd5 Qxd5 9. Nf3 Nc6 10. Be2 cxd4 11. cxd4 O-O 12. O-O Bf5 13. Bg3 Rac8 14. Qa4
Qa5 15. Qb3 Qb4 16. d5 Bxa1 17. dxc6 Qxb3 18. axb3 Bf6 19. cxb7 Rb8 20. Ba6 Be4
21. Bxb8 Rxb8 22. Nd2 Bxb7 23. Bxb7 Rxb7 24. Rc1 Be5 25. Kf1 f5 26. Ke2 Kf7 27.
Rc6 Ke8 28. h4 Kd7 29. Ra6 Bb8 30. Kd3 Rb4 31. g3 e6 32. Kc3 Rb6 33. Ra5 Rc6+
34. Nc4 e5 35. Rd5+ Ke6 36. Rd8 Bc7 37. Rh8 h5 38. f3 f4 39. gxf4 exf4 40. exf4
Bxf4 41. Re8+ Kf5 42. Rf8+ Rf6 43. Rxf6+ Kxf6 44. Kd4 Bg3 45. Ke4 Bxh4 46. f4
Bf2 47. Ne5 Bb6 48. Nd7+ Kg7 49. f5 h4 50. fxg6 Kxg6 51. Kf3 Kf5 52. Nb8 Ke6
53. Nc6 1/2-1/2

[Event "Team Russia"]
[Site "Petergof"]
[Date "2015.08.04"]
[Round "4.16"]
[White "Milovanova, Maria"]
[Black "Protopopova, Anastasiya"]
[Result "1-0"]
[WhiteElo "1945"]
[BlackElo "2177"]
[PlyCount "111"]
[EventDate "2015.08.??"]
[EventType "team-swiss"]

1. d4 Nf6 2. c4 e6 3. Nf3 b6 4. g3 Bb4+ 5. Bd2 Bxd2+ 6. Qxd2 Ba6 7. b3 d5 8.
cxd5 exd5 9. Bg2 O-O 10. O-O c5 11. Rc1 Ne4 12. Qb2 Nc6 13. Nbd2 Bxe2 14. Nxe4
Bxf3 15. Bxf3 dxe4 16. Bxe4 Nxd4 17. Bxa8 Qxa8 18. Rc3 Nf3+ 19. Kf1 Nxh2+ 20.
Kg1 Nf3+ 21. Kf1 Rd8 22. Qe2 Nd4 23. Qh5 Rd6 24. Re1 Rh6 25. Rce3 Ne6 26. Qg4
Qh1+ 27. Ke2 Qd5 28. Rd1 Qc6 29. Qe4 Qb5+ 30. Qc4 Qc6 31. Qd5 Qb5+ 32. Kf3 Rf6+
33. Kg2 h6 34. Qd7 Qa5 35. a4 a6 36. Qd2 Qxd2 37. Rxd2 Nd4 38. b4 a5 39. bxc5
bxc5 40. Rc3 Kh7 41. Rb2 Rf5 42. Rb7 Kg6 43. Ra7 c4 44. Rxc4 Nb3 45. Rc6+ Kh7
46. Rb6 Nd4 47. Rd7 Ne6 48. Rb5 Rf6 49. Rxa5 Ng5 50. Raa7 Kg6 51. Re7 h5 52. a5
h4 53. gxh4 Nf3 54. h5+ Kxh5 55. Rxf7 Nh4+ 56. Kf1 1-0

[Event "Team Russia"]
[Site "Petergof"]
[Date "2015.08.04"]
[Round "4.17"]
[White "Morozov, Egor"]
[Black "Savenkov, Konstantin"]
[Result "0-1"]
[WhiteElo "2262"]
[BlackElo "2296"]
[PlyCount "64"]
[EventDate "2015.08.??"]
[EventType "team-swiss"]

1. e4 e6 2. d4 d5 3. Nd2 Be7 4. Ngf3 Nf6 5. e5 Nfd7 6. Bd3 c5 7. c3 Nc6 8. O-O
g5 9. dxc5 g4 10. Nd4 Ndxe5 11. Bb5 Bd7 12. Bxc6 bxc6 13. b4 Ng6 14. b5 cxb5
15. c6 Bc8 16. Nxb5 Qb6 17. Qa4 O-O 18. Ba3 Qa6 19. Qxa6 Bxa6 20. Bxe7 Nxe7 21.
c4 Rfc8 22. Rfb1 Rxc6 23. cxd5 Nxd5 24. Nd4 Rc3 25. Re1 Rac8 26. Ne4 Ra3 27.
Nd6 Rd8 28. Ne4 Nb4 29. Rad1 Rd3 30. Rxd3 Bxd3 31. a3 Rxd4 32. Nc5 Nc6 0-1

[Event "Team Russia"]
[Site "Petergof"]
[Date "2015.08.04"]
[Round "4.18"]
[White "Yeletsky, Ivan"]
[Black "Yashmetov, Mikhail"]
[Result "1-0"]
[WhiteElo "2338"]
[BlackElo "2183"]
[PlyCount "93"]
[EventDate "2015.08.??"]
[EventType "team-swiss"]

1. Nf3 Nf6 2. c4 g6 3. Nc3 d5 4. cxd5 Nxd5 5. Qb3 Nb6 6. d4 Bg7 7. e4 O-O 8.
Be3 Bg4 9. Rd1 Nc6 10. d5 Ne5 11. Be2 Nxf3+ 12. gxf3 Bd7 13. Rg1 c6 14. dxc6
bxc6 15. f4 Qc7 16. Qb4 Be6 17. Rc1 Rab8 18. Qa5 Qb7 19. b3 Rfd8 20. f5 Bd7 21.
Bf4 Be8 22. h4 c5 23. h5 Rbc8 24. f3 c4 25. bxc4 Qc6 26. hxg6 fxg6 27. Nd5 Nxd5
28. exd5 Qf6 29. Bg5 Qxf5 30. Qxa7 Bf7 31. Qe3 Re8 32. Kf2 Rb8 33. Qf4 Qd7 34.
Rc2 e6 35. Bf6 Bxf6 36. Qxf6 exd5 37. c5 Re6 38. Qd4 Rbe8 39. a4 Qe7 40. Bb5
Rd8 41. Rcc1 Qc7 42. Rh1 Rc8 43. Rxh7 Re5 44. Qh4 Rh5 45. Rxh5 gxh5 46. Qg5+
Kf8 47. Qh6+ 1-0

[Event "Team Russia"]
[Site "Petergof"]
[Date "2015.08.04"]
[Round "4.19"]
[White "Volkov, Roman"]
[Black "Smirnov, Timofey"]
[Result "1/2-1/2"]
[WhiteElo "1928"]
[BlackElo "2297"]
[PlyCount "139"]
[EventDate "2015.08.??"]
[EventType "team-swiss"]

1. e4 c5 2. Nf3 a6 3. c4 d6 4. d4 cxd4 5. Nxd4 Nf6 6. Nc3 g6 7. Be2 Bg7 8. O-O
Nc6 9. Be3 O-O 10. Qd2 Ng4 11. Bxg4 Bxg4 12. f3 Be6 13. b3 Rc8 14. Rad1 Qa5 15.
Nd5 Bxd4 16. Bxd4 Qxd2 17. Rxd2 b5 18. cxb5 axb5 19. a4 bxa4 20. bxa4 Ra8 21.
Rc1 Bxd5 22. exd5 Nb4 23. Bc3 Rfc8 24. Rb1 Nxd5 25. Rxd5 Rxc3 26. Rd4 Ra3 27.
Rb7 R3xa4 28. Rxa4 Rxa4 29. Rxe7 Ra2 30. Rd7 Rd2 31. h3 d5 32. Kh2 d4 33. Kg3
Kg7 34. f4 h5 35. Kf3 Kf6 36. g4 Ke6 37. Rd8 h4 38. Ke4 f5+ 39. gxf5+ gxf5+ 40.
Kf3 Rd3+ 41. Kf2 Ke7 42. Rd5 Kf6 43. Rd6+ Kf7 44. Ke2 Re3+ 45. Kf2 Rd3 46. Ke2
Rxh3 47. Rxd4 Kg6 48. Rd5 Ra3 49. Kf2 h3 50. Kg1 Ra2 51. Rc5 Rb2 52. Rd5 Rc2
53. Rb5 Rg2+ 54. Kh1 Rf2 55. Rb3 Kh5 56. Rxh3+ Kg4 57. Rb3 Kxf4 58. Kg1 Ra2 59.
Kf1 Kg4 60. Rc3 f4 61. Rb3 Kf5 62. Rc3 Ke4 63. Rb3 Rh2 64. Rc3 Rd2 65. Rb3 Kd4
66. Ra3 Rb2 67. Rh3 Rb7 68. Ra3 Re7 69. Rf3 Ke4 70. Ra3 1/2-1/2

[Event "Team Russia"]
[Site "Petergof"]
[Date "2015.08.04"]
[Round "4.20"]
[White "Borisova, Ekaterina"]
[Black "Dimitrova, Aleksandra"]
[Result "0-1"]
[WhiteElo "2004"]
[BlackElo "2134"]
[PlyCount "84"]
[EventDate "2015.08.??"]
[EventType "team-swiss"]

1. e4 c5 2. Nf3 e6 3. d4 cxd4 4. Nxd4 Nf6 5. Nc3 Nc6 6. Be3 Bb4 7. Qf3 Qa5 8.
Nde2 O-O 9. O-O-O Ne5 10. Qg3 Nc4 11. Qg5 Nxe3 12. Qxe3 Bc5 13. Qg3 e5 14. f4
d6 15. f5 b5 16. Kb1 Bb7 17. Qf3 b4 18. Nd5 Nxd5 19. exd5 f6 20. Nc1 Qc7 21.
Nd3 a5 22. Nxc5 Qxc5 23. Qe4 Rfc8 24. g4 a4 25. h4 b3 26. Rh2 Ra5 27. c4 bxa2+
28. Kxa2 Qb6 29. Qd3 Rb8 30. Qc3 Bc8 31. Rh3 Bd7 32. Qa3 Qc7 33. Kb1 Ra7 34.
Rc3 Rab7 35. Rd2 Rb3 36. Rxb3 Rxb3 37. Qa2 Qb6 38. Kc2 Qg1 39. Be2 h5 40. Qb1
Qe3 41. Qf1 hxg4 42. Rd3 Bxf5 0-1

[Event "Team Russia"]
[Site "Petergof"]
[Date "2015.08.04"]
[Round "4.21"]
[White "Schekachikhin, Maksim"]
[Black "Chibukhchyan, Erik"]
[Result "1/2-1/2"]
[WhiteElo "2316"]
[BlackElo "1839"]
[PlyCount "80"]
[EventDate "2015.08.??"]
[EventType "team-swiss"]

1. d4 Nf6 2. c4 e6 3. Nc3 Bb4 4. Qc2 O-O 5. Nf3 d6 6. Bd2 Qe7 7. a3 Bxc3 8.
Bxc3 Nbd7 9. e3 e5 10. Be2 exd4 11. Nxd4 Ne5 12. O-O c5 13. Nf3 Bd7 14. Rad1
Bc6 15. Nxe5 dxe5 16. b4 Rfd8 17. Qf5 Rxd1 18. Rxd1 Re8 19. Qd3 h6 20. h3 Ne4
21. Be1 b6 22. Bf3 f5 23. b5 Bb7 24. Qd7 Qf7 25. Qxf7+ Kxf7 26. Bh5+ g6 27.
Rd7+ Kf6 28. Rxb7 gxh5 29. Rxa7 Nd6 30. Ra4 f4 31. Kf1 fxe3 32. fxe3 Kf5 33.
Ke2 Ke4 34. Bf2 Rg8 35. Ra6 Rb8 36. Ra7 Rg8 37. Ra6 Rb8 38. Ra7 Rg8 39. Ra6 Rb8
40. Ra7 Rg8 1/2-1/2

[Event "Team Russia"]
[Site "Petergof"]
[Date "2015.08.04"]
[Round "4.22"]
[White "Ufimtsev, Egor"]
[Black "Opanasenko, Mikhail"]
[Result "0-1"]
[WhiteElo "1883"]
[BlackElo "2043"]
[PlyCount "54"]
[EventDate "2015.08.??"]
[EventType "team-swiss"]

1. Nf3 c5 2. c4 Nc6 3. Nc3 e5 4. e3 g6 5. d4 exd4 6. exd4 Bg7 7. Qe2+ Nge7 8.
d5 Nd4 9. Nxd4 cxd4 10. Ne4 O-O 11. Bg5 f6 12. Bd2 d6 13. O-O-O b5 14. Qf3 bxc4
15. Bxc4 Qc7 16. b3 Ba6 17. Kb1 Bxc4 18. Rc1 Rab8 19. Ka1 f5 20. Rxc4 Qxc4 21.
bxc4 fxe4 22. Qa3 Rxf2 23. Rb1 d3+ 24. Bc3 Bxc3+ 25. Qxc3 Rxb1+ 26. Kxb1 e3 27.
Qxd3 e2 0-1

[Event "Team Russia"]
[Site "Petergof"]
[Date "2015.08.04"]
[Round "4.23"]
[White "Chernov, Maksim"]
[Black "Ustich, Ekaterina"]
[Result "0-1"]
[WhiteElo "2047"]
[BlackElo "2082"]
[PlyCount "62"]
[EventDate "2015.08.??"]
[EventType "team-swiss"]

1. e4 e5 2. Nf3 Nc6 3. Bb5 a6 4. Ba4 Nf6 5. O-O Be7 6. Re1 b5 7. Bb3 d6 8. c3
O-O 9. h3 a5 10. a4 b4 11. d4 bxc3 12. bxc3 exd4 13. Nxd4 Nxd4 14. cxd4 d5 15.
e5 Ne4 16. Nd2 Bb4 17. Re3 Bf5 18. Nxe4 Bxe4 19. Rg3 Ra6 20. Bc2 Bxc2 21. Qxc2
Qd7 22. Bg5 Rg6 23. Rc1 Rc8 24. Qb3 Rxg5 25. Rxg5 Bd2 26. Qg3 Bxc1 27. Rxg7+
Kh8 28. Rg4 Qf5 29. Qc3 Bf4 30. g3 Bg5 31. f4 Be7 0-1

[Event "Team Russia"]
[Site "Petergof"]
[Date "2015.08.04"]
[Round "4.24"]
[White "Kvachko, Anastasiya"]
[Black "Petrochenko, Maria"]
[Result "1/2-1/2"]
[WhiteElo "1703"]
[BlackElo "1997"]
[PlyCount "148"]
[EventDate "2015.08.??"]
[EventType "team-swiss"]

1. e4 c5 2. Nf3 Nc6 3. d4 cxd4 4. Nxd4 g6 5. c4 Nf6 6. Nc3 d6 7. Be2 Nxd4 8.
Qxd4 Bg7 9. Bg5 O-O 10. Qd2 Re8 11. Rc1 a5 12. f3 a4 13. O-O Qa5 14. Rfd1 Be6
15. Nd5 Qxd2 16. Rxd2 Bxd5 17. cxd5 h6 18. Be3 Rec8 19. Rdc2 Rxc2 20. Rxc2 Ne8
21. Kf2 h5 22. Bb5 Kf8 23. Bc1 Bd4+ 24. Ke2 Bc5 25. Bh6+ Kg8 26. Be3 Nc7 27.
Bd7 Na6 28. Bg5 f6 29. Bd2 Nc7 30. Rc4 b5 31. Rc2 Rb8 32. b4 axb3 33. axb3 b4
34. Bc6 Na8 35. Ra2 Nb6 36. Kd3 Kf7 37. Ra5 Nc8 38. h3 Kg7 39. f4 Na7 40. Ba4
Nc8 41. Bc6 Na7 42. Bd7 Rb7 43. Ba4 Rc7 44. Ra6 Rb7 45. Bc6 Rb8 46. Kc4 Nc8 47.
g4 hxg4 48. hxg4 Nb6+ 49. Kd3 Rh8 50. Bxb4 Rh3+ 51. Kc2 Rh2+ 52. Kd1 Nxd5 53.
Bxd5 Bxb4 54. Ra7 Rd2+ 55. Kc1 Rf2 56. Rxe7+ Kh6 57. f5 gxf5 58. gxf5 Ba3+ 59.
Kd1 Kg5 60. Ra7 Bc5 61. Ra4 Be3 62. Rc4 Rd2+ 63. Ke1 Rb2 64. Rc6 Bc5 65. Rc8
Kf4 66. Rg8 Ke3 67. Rg3+ Kf4 68. Rd3 Ke5 69. Kd1 Ba3 70. Rd2 Rxd2+ 71. Kxd2 Kd4
72. Ke2 Kc5 73. Kf3 Bb2 74. Kg4 Be5 1/2-1/2

[Event "Team Russia"]
[Site "Petergof"]
[Date "2015.08.04"]
[Round "4.25"]
[White "Triapishko, Olexandr"]
[Black "Gogin, Maksim"]
[Result "1-0"]
[WhiteElo "2459"]
[BlackElo "2183"]
[PlyCount "125"]
[EventDate "2015.08.??"]
[EventType "team-swiss"]

1. Nf3 Nf6 2. g3 g6 3. b3 Bg7 4. Bb2 O-O 5. Bg2 d6 6. d4 e5 7. dxe5 Ng4 8. Nc3
Nxe5 9. Nxe5 Bxe5 10. O-O Nc6 11. Qd2 Bd7 12. Rae1 Qc8 13. f4 Bg7 14. e4 Bh3
15. f5 Bxg2 16. Kxg2 Qd8 17. Ba1 Ne5 18. Qf4 Re8 19. f6 Bf8 20. g4 Qd7 21. g5
c6 22. Re2 Rad8 23. Rfe1 h6 24. h4 h5 25. Nd1 Qe6 26. Nf2 Nd7 27. Qf3 Ne5 28.
Qg3 Qc8 29. Nh3 Ng4 30. Nf4 Kh7 31. Bd4 b6 32. c4 Qb7 33. Qf3 Kg8 34. Bb2 Rd7
35. b4 b5 36. c5 dxc5 37. e5 c4 38. e6 fxe6 39. Nxg6 Bxb4 40. Rf1 c5 41. Be5
Qxf3+ 42. Rxf3 Kf7 43. Nf4 Rg8 44. Bb2 e5 45. Bxe5 Bd2 46. g6+ Rxg6 47. Nxg6
Kxg6 48. Bb2 Bh6 49. f7 Bf8 50. Re6+ Kh7 51. Re8 Rd2+ 52. Kg1 Bd6 53. Rh8+ Kg6
54. Rg8+ Kh7 55. Bc3 Rd1+ 56. Kg2 b4 57. Rh8+ Kg6 58. Rd8 Be7 59. Rxd1 bxc3 60.
Rc1 Bf8 61. Rcxc3 Ne5 62. Rf4 Kh7 63. Rf5 1-0

[Event "Team Russia"]
[Site "Petergof"]
[Date "2015.08.04"]
[Round "4.26"]
[White "Zakharikov, Ivan"]
[Black "Isayev, Maksym"]
[Result "1/2-1/2"]
[WhiteElo "1971"]
[BlackElo "2121"]
[PlyCount "67"]
[EventDate "2015.08.??"]
[EventType "team-swiss"]

1. e4 e6 2. d4 d5 3. Nd2 Be7 4. Ngf3 c5 5. exd5 exd5 6. Bb5+ Nc6 7. O-O Nf6 8.
dxc5 O-O 9. Nb3 Ne4 10. Be3 a6 11. Be2 Be6 12. Qc1 Na5 13. Nbd4 Qc7 14. b4 Nc6
15. c3 Bg4 16. h3 Bh5 17. Nxc6 bxc6 18. Bd4 a5 19. a3 Rfe8 20. Re1 h6 21. Ne5
Bxe2 22. Rxe2 Bg5 23. Qe1 axb4 24. axb4 Rxa1 25. Qxa1 Rxe5 26. Bxe5 Qxe5 27. f3
Qxc3 28. Qa8+ Kh7 29. fxe4 Be3+ 30. Kf1 Qc1+ 31. Re1 Qc4+ 32. Re2 Qc1+ 33. Re1
Qc4+ 34. Re2 1/2-1/2

[Event "Team Russia"]
[Site "Petergof"]
[Date "2015.08.04"]
[Round "4.27"]
[White "Shemyakin, Valeriy"]
[Black "Skafar, Darya"]
[Result "1-0"]
[WhiteElo "2091"]
[BlackElo "1974"]
[PlyCount "96"]
[EventDate "2015.08.??"]
[EventType "team-swiss"]

1. Nf3 d5 2. g3 Nf6 3. Bg2 e6 4. O-O Be7 5. c4 c6 6. Qb3 O-O 7. d4 Nbd7 8. Rd1
Qb6 9. Nc3 dxc4 10. Qxc4 Qb4 11. Qxb4 Bxb4 12. a3 Be7 13. e4 Nb6 14. b3 Rd8 15.
Bf4 Nh5 16. Be3 Nf6 17. Ne5 Nbd7 18. Nd3 Ng4 19. Bf4 Bf6 20. Ne2 g5 21. Bc7 Re8
22. h3 Nh6 23. Rac1 Bd8 24. Bxd8 Rxd8 25. f4 g4 26. Ne5 Nxe5 27. dxe5 Bd7 28.
Rd6 Kf8 29. f5 Ke7 30. f6+ Ke8 31. h4 Rac8 32. Kf2 c5 33. Nc3 c4 34. b4 Rc6 35.
Rcd1 Ng8 36. Nb5 Rcc8 37. Nc3 a6 38. Ke3 Bc6 39. Rxd8+ Rxd8 40. Rxd8+ Kxd8 41.
a4 b5 42. axb5 axb5 43. Kd4 Nh6 44. Bf1 Kc7 45. Kc5 Kd7 46. Be2 Kc7 47. Bd1 Kd7
48. Bc2 Bb7 1-0

[Event "Team Russia"]
[Site "Petergof"]
[Date "2015.08.04"]
[Round "4.28"]
[White "Solozhenkina, Elizaveta"]
[Black "Potapova, Margarita"]
[Result "1-0"]
[WhiteElo "2052"]
[BlackElo "2069"]
[PlyCount "109"]
[EventDate "2015.08.??"]
[EventType "team-swiss"]

1. e4 c5 2. Nf3 d6 3. Bb5+ Nc6 4. Bxc6+ bxc6 5. h3 e5 6. d3 f5 7. exf5 Bxf5 8.
Qe2 Be7 9. Nbd2 Nf6 10. Ne4 O-O 11. Ng3 Bd7 12. O-O Nd5 13. Nh2 Bg5 14. Be3 Nf4
15. Bxf4 Rxf4 16. Ng4 Qc8 17. f3 g6 18. Ne4 Be7 19. Qe3 h5 20. Ngf2 Qf8 21. Nd2
Rb8 22. b3 Qg7 23. Rae1 Rbf8 24. Nde4 a6 25. c3 R8f7 26. Ng3 Qf8 27. Ne2 R4f5
28. Ng3 Rxf3 29. gxf3 Rxf3 30. Nfe4 Rf4 31. Ne2 Rf5 32. N4g3 Rxf1+ 33. Rxf1 Qg7
34. Kh2 d5 35. c4 Bd6 36. Kg2 h4 37. Nh1 g5 38. Nf2 e4 39. Ng4 Bxg4 40. hxg4
Qe5 41. Rf5 Qh2+ 42. Kf1 Qh1+ 43. Kf2 Be7 44. dxe4 dxe4 45. Nc3 h3 46. Qxe4
Qh2+ 47. Kf1 Qd6 48. Rf3 h2 49. Rh3 Qf6+ 50. Kg2 Qg7 51. Qe6+ Kf8 52. Rf3+ Ke8
53. Qc8+ Bd8 54. Qxc6+ Ke7 55. Nd5# 1-0